000 00537nam a2200181 4500
999 _c11603
_d11603
008 200320b ||||| |||| 00| 0 eng d
020 _a9789280116960
040 _aIMO
082 0 0 _a343.096
_bIMO
245 1 0 _aISM code : International safety management code with guidelines for its implementation
250 _a5
260 _aLondon
_b International Maritime Organization
_c2018
300 _avi, 84 p.
650 0 _aMarine pollution - Law and legislation
650 0 _aShips
650 0 _aSafety regulations
942 _2ddc
_cRT